000
00270nam a2200121Ia 4500
008
190216s9999||||xx |||||||||||||| ||und||
100
_a
David Horsburgh
245
0
_a
Hall Of Fame
260
_b
Orient Longman
_c
1972
300
_a
148p
650
_a
English
942
_c
BK
999
_c
12508
_d
12508